000 00327nam a22001457a 4500
008 230721b ||||| |||| 00| 0 eng d
020 _a9780387903348
041 _aeng
080 _a575
082 _a575SCH
100 _a13
101 _aBIOKI
245 _aPRINCIPLES OF PROTEIN STRUCTURE
_cSCHULZ .E.G
942 _2udc
_cBK
999 _c60199
_d60199